=LDR 00000nam 2200000 4500 =001 INLIS000000000010170 =005 20200629025204 =035 ##$$a 0010-061300000010170 =008 200629################g##########0#ind## =041 ##$$a Ind =082 ##$$a 2x5.1 =090 ##$$a 2x5.1, Bli p =100 1#$$a Blitary, Immum =245 1#$$a Pandangan al-ghazali tentang syahwat perut, Immum El Blytary /$c Immum El Blitary =260 ##$$a Surabaya :$b Al-Ikhlas,$c 1999 =300 ##$$a xiii, 79 hlm, ; $c 14x19 cm =650 #4$$a Akhlak =850 ##$$a NBPNMAT =084 ##$$a 2x5.1 BLI p =250 ##$$a cet.1 =990 ##$$a 10312130 =990 ##$$a 10312128